000 00758nam a22002177a 4500
005 19970904051429.3
008 970904m19271929ii a 001 0aeng
010 _aENG-95750
020 _a9788179924114
_c395.00
035 _aEN-79283
037 _aDBAD/PUB
040 _aDPL
100 _aBagchi, S. K.
_917743
245 _aTreasury risk management
_c by S.K. Bagchi
_banalysing market risk dynamics
260 _aMumbai
_bJaico Publishing House,
_c2009
270 _aA-2, Jash chambers, Fort
_bMumbai
_e400001
300 _axviii,227p. ;
_c22 cm.(Pbk)
942 _2ddc
_cEN
_mDYN
999 _c33491
_d33491